Представление документа в формате MARC21

Поле Инд. ПП Название Значение
Тип записи a
Библиографический уровень m
001 Контрольный номер RU/IS/BASE/315407365
005 Дата корректировки 20150513113617.3
020 a ISBN 978-5-406-00462-3
040 a Служба первич. каталог. НБ ТвГУ
b Код языка каталог. rus
e Правила каталог. PSBO
041 0_ a Код языка текста rus
080 a Индекс УДК 330.4(075.8)
084 a Индекс другой классификации/Индекс ББК У.в631я73-1
090 a Полочн. индекс У.в631
x Авторский знак К 56
100 1_ a Автор Ковалев Сергей Викторович
q Полное имя Ковалев С. В.
245 10 a Заглавие Экономическая математика
b Продолж. заглавия учебное пособие для студентов вузов, обучающихся по направлению 220700 "Организация и управление наукоемкими производствами", специальности 220701 "Менеджмент высоких технологий", а также для студентов инженерно-экономических специальностей
260 a Место издания Москва
c Дата издания 2010
b Издательство КноРус
300 a Объем 248 с.
b Иллюстрации/ тип воспроизводства ил., табл.
504 a Библиография Библиогр.: с. 244-248 (81 назв.)
520 a Аннотация Приведены сведения, отвечающие базовым курсам экономики: "Экономическая теория", "Экономика", "Экономический анализ", "Управление производством", "Экономика предприятия", "Практический маркетинг" и другим дисциплинам. Даны тематические ситуационные задачи и подходы к их решению, а также задачи и контрольные задания для самостоятельной или контрольной работы в аудитории.
У чебное пособие составлено в виде примеров применения расчетно-математического аппарата для решения задач профессиональной деятельности, принятия решений в области маркетинга, управления производством, исследования потребительского поведения и спроса, неоклассической теории издержек производства (трансформационных затрат), теории прибыли. Проводится анализ теорий предприятия, альтернативных теорий фирмы в трактовке неоклассической микроэкономики и определяются современные подходы к анализу затрат и результативности деятельности предприятия, управлению инвестициями и решению других задач практического предметного приложения экономической математики.
Д ня студентов, бакалавров, магистров экономических специальностей вузов, а также преподавателей, аспирантов и лиц, занимающихся самообразованием или углубленно изучающих экономику на курсах МВА.
650 a Основная рубрика Экономика
x Основная подрубрика Математические методы
x Основная подрубрика Учебники для вузов
653 a Ключевые слова Математическая экономика
a Ключевые слова Математические методы в экономике
a Ключевые слова Управленческие решения
a Ключевые слова Экономика
a Ключевые слова Экономическая математика
910 a гриф есть**
920 a Оператор Густ
930 a Новая/Ретро учебники
940 a экономический
952 c Вид литературы К ру
954 a Дата поступления на обработку 20100202
990 a Автор заказа (DOS) каф. математики, статистики
b Заказано (DOS) 1